[Event "ROM-ch U08"]
[Site "Calimanesti"]
[Date "2014.04.13"]
[Round "9"]
[White "Iordachescu, Klaid Renato"]
[Black "Lazan, Dragos Andrei"]
[Result "0-1"]
[WhiteElo "1001"]
[BlackElo "1070"]
[PlyCount "102"]
[EventDate "2014.04.06"]
[EventType "swiss"]
[EventRounds "9"]
[EventCountry "ROU"]
[SourceTitle "CBM 160 Extra"]
[Source "ChessBase"]
[SourceDate "2014.07.01"]
[SourceVersion "1"]
[SourceVersionDate "2014.07.01"]
[SourceQuality "1"]

1. d4 d5 2. e3 e6 3. Bd3 c5 4. c3 Nc6 5. Nd2 Bd7 6. f4 f5 7. Ngf3 Nf6 8. 0-0 c4 9. Bc2 Bd6 10. Ne5 Qc7 11. Nxd7 Qxd7 12. Re1 0-0 13. Qe2 Rf7 14. Bd1 Raf8 15. Qf2 Ne4 16. Nxe4 fxe4 17. Qh4 Be7 18. Qh3 g6 19. Bg4 Nd8 20. Bd2 h5 21. Be2 Rh7 22. g3 Rff7 23. Qg2 Rfg7 24. Qf1 Qb5 25. Bc1 a5 26. h4 b6 27. b4 axb4 28. cxb4 Qxb4 29. a3 Qa5 30. Rb1 Bxa3 31. Bxa3 Qxa3 32. Ra1 Qxe3+ 33. Kh1 Qxg3 34. Ra8 Qxh4+ 35. Kg1 Ra7 36. Rxa7 Rxa7 37. Qf2 Qf6 38. Bd1 Nc6 39. Qg2 Nxd4 40. Kf2 Ra2+ 41. Be2 Qxf4+ 42. Kg1 Nxe2+ 43. Rxe2 Ra1+ 44. Re1 Rxe1+ 45. Qf1 Qxf1+ 46. Kh2 Qg1+ 47. Kh3 Qg4+ 48. Kh2 Re3 49. Kh1 Qd1+ 50. Kh2 Qd2+ 51. Kg1 Re1# 0-1

[Event "ROM-ch U08"]
[Site "Calimanesti"]
[Date "2014.04.12"]
[Round "8"]
[White "Tanase, Matei"]
[Black "Iordachescu, Klaid Renato"]
[Result "0-1"]
[WhiteElo "1001"]
[BlackElo "1001"]
[PlyCount "34"]
[EventDate "2014.04.06"]
[EventType "swiss"]
[EventRounds "9"]
[EventCountry "ROU"]
[SourceTitle "CBM 160 Extra"]
[Source "ChessBase"]
[SourceDate "2014.07.01"]
[SourceVersion "1"]
[SourceVersionDate "2014.07.01"]
[SourceQuality "1"]

1. e4 e5 2. Nf3 Nf6 3. Nc3 Nc6 4. Bb5 a6 5. Ba4 Bb4 6. 0-0 Bxc3 7. Re1 Ba5 8. c3 0-0 9. d4 Re8 10. Bg5 h6 11. Bh4 d6 12. Bc2 Bd7 13. g4 Bxg4 14. Kg2 Qc8 15. Qd3 Bh3+ 16. Kg1 Qg4+ 17. Kh1 Qg2# 0-1

[Event "ROM-ch U08"]
[Site "Calimanesti"]
[Date "2014.04.10"]
[Round "6"]
[White "Bayer, Andrei"]
[Black "Iordachescu, Klaid Renato"]
[Result "1-0"]
[WhiteElo "1035"]
[BlackElo "1001"]
[PlyCount "43"]
[EventDate "2014.04.06"]
[EventType "swiss"]
[EventRounds "9"]
[EventCountry "ROU"]
[SourceTitle "CBM 160 Extra"]
[Source "ChessBase"]
[SourceDate "2014.07.01"]
[SourceVersion "1"]
[SourceVersionDate "2014.07.01"]
[SourceQuality "1"]

1. e4 e5 2. Nf3 Nf6 3. Nc3 Nc6 4. Bc4 Be7 5. h3 0-0 6. 0-0 b6 7. d3 d6 8. Be3 Bb7 9. Nd5 Nxd5 10. Bxd5 Re8 11. c4 Qd7 12. a3 g6 13. b4 Rab8 14. b5 Kh8 15. bxc6 Bxc6 16. Bxc6 Qxc6 17. Bg5 Bxg5 18. Nxg5 Qd7 19. Qf3 Re7 20. Qf6+ Kg8 21. h4 Kf8 22. Qh8# 1-0

[Event "ROM-ch U08"]
[Site "Calimanesti"]
[Date "2014.04.09"]
[Round "5"]
[White "Iordachescu, Klaid Renato"]
[Black "Muresanu, Gabriel Emanuel"]
[Result "1-0"]
[WhiteElo "1001"]
[BlackElo "1001"]
[PlyCount "43"]
[EventDate "2014.04.06"]
[EventType "swiss"]
[EventRounds "9"]
[EventCountry "ROU"]
[SourceTitle "CBM 160 Extra"]
[Source "ChessBase"]
[SourceDate "2014.07.01"]
[SourceVersion "1"]
[SourceVersionDate "2014.07.01"]
[SourceQuality "1"]

1. d4 d5 2. e3 Nf6 3. Bd3 e6 4. f4 Bd6 5. Nh3 0-0 6. 0-0 c5 7. c3 Nbd7 8. Nd2 b6 9. Qf3 cxd4 10. exd4 a5 11. Re1 Nh5 12. Qxh5 h6 13. Qf3 Nf6 14. g4 Qc7 15. g5 hxg5 16. fxg5 Bxh2+ 17. Kf1 g6 18. gxf6 Qb8 19. Ng5 Bd7 20. Qh3 Qf4+ 21. Ndf3 e5 22. Qh7# 1-0

[Event "ROM-ch U08"]
[Site "Calimanesti"]
[Date "2014.04.09"]
[Round "4"]
[White "Nicula, Darius Mihai"]
[Black "Iordachescu, Klaid Renato"]
[Result "1-0"]
[WhiteElo "1001"]
[BlackElo "1001"]
[PlyCount "25"]
[EventDate "2014.04.06"]
[EventType "swiss"]
[EventRounds "9"]
[EventCountry "ROU"]
[SourceTitle "CBM 160 Extra"]
[Source "ChessBase"]
[SourceDate "2014.07.01"]
[SourceVersion "1"]
[SourceVersionDate "2014.07.01"]
[SourceQuality "1"]

1. e4 e5 2. d4 exd4 3. c3 dxc3 4. Nxc3 Bc5 5. Nf3 Nf6 6. Bc4 0-0 7. 0-0 Re8 8. e5 Ng4 9. Ng5 Qxg5 10. Nb5 Qh5 11. h3 Nxf2 12. Rxf2 a6 13. Qxh5 1-0

[Event "ROM-ch U08"]
[Site "Calimanesti"]
[Date "2014.04.08"]
[Round "3"]
[White "Coroiu, Alexandru"]
[Black "Iordachescu, Klaid Renato"]
[Result "1/2-1/2"]
[WhiteElo "1012"]
[BlackElo "1001"]
[PlyCount "62"]
[EventDate "2014.04.06"]
[EventType "swiss"]
[EventRounds "9"]
[EventCountry "ROU"]
[SourceTitle "CBM 160 Extra"]
[Source "ChessBase"]
[SourceDate "2014.07.01"]
[SourceVersion "1"]
[SourceVersionDate "2014.07.01"]
[SourceQuality "1"]

1. e4 e5 2. Nf3 Nf6 3. Nc3 d6 4. d4 Be7 5. dxe5 dxe5 6. Qxd8+ Bxd8 7. Nxe5 Be6 8. Bg5 Nbd7 9. Nxd7 Nxd7 10. f4 Bxg5 11. fxg5 0-0 12. 0-0-0 Rfe8 13. Be2 g6 14. Bf3 Rad8 15. Nb5 Bxa2 16. Nxc7 Re5 17. h4 Rc8 18. Nb5 Rxb5 19. Rxd7 Re8 20. Rhd1 Ra8 21. Rd8+ Rxd8 22. Rxd8+ Kg7 23. g4 Be6 24. Be2 Rb4 25. Bf3 Ra4 26. b3 Ra1+ 27. Kd2 Ra3 28. Rb8 Ra6 29. Rxb7 Bc8 30. Rb4 Bd7 31. Be2 Rd6+ 1/2-1/2